| 000 | 00998nam a22002897a 4500 | ||
|---|---|---|---|
| 001 | 4486 | ||
| 003 | FISKH | ||
| 005 | 20250303095902.0 | ||
| 008 | 240912b cb ||||| |||| 00| 0 eng d | ||
| 020 | _a9780439027021 | ||
| 040 |
_aFISKH _beng _cFISKH _dFISKH |
||
| 050 | _aPZ7.R4829 | ||
| 082 | _2813.54 | ||
| 100 |
_aRiordan, Rick _d1964- |
||
| 245 |
_aThe sea of monster percy jackson & the olympians / _cRick Riordan |
||
| 250 | _aFirst printing in 2007 | ||
| 260 |
_aNew York : _bScholastic, _c2007. |
||
| 300 |
_a282 pages : _c20 cm |
||
| 505 | _aP | ||
| 520 | _aDemi-god Percy Jackson and his friends must journey into the Sea of Monsters to save their camp. But first Percy will discover a secret that makes him wonder whether being claimed as Poseidon's son is an honor or a cruel joke. | ||
| 521 | 8 |
_a680L
_bLexile |
|
| 521 | 8 |
_aP
_bRaz-Plus |
|
| 650 |
_2Fiction _aGreek mythology _vFriendship |
||
| 650 |
_2Adventure _aYoung adult |
||
| 942 |
_2ddc _cBK _n0 |
||
| 999 |
_c4486 _d4486 |
||